El arte de la platería en México (Record no. 4875)

MARC details
000 -CABECERA
campo de control de longitud fija 00754nam a2200253 a 4500
001 - NÚMERO DE CONTROL
campo de control BRCA_5181
005 - FECHA Y HORA DE LA ÚLTIMA TRANSACCIÓN
campo de control 20190320204955.0
008 - DATOS DE LONGITUD FIJA--INFORMACIÓN GENERAL
campo de control de longitud fija 810313s1956 mx-a######---#000-0#spa-#
041 ## - CÓDIGO DE LENGUA
Código de lengua del texto/banda sonora o título independiente spa
044 ## - CÓDIGO DEL PAÍS DE LA ENTIDAD EDITORA/PRODUCTORA
Código MARC del país mx
050 #4 - SIGNATURA TOPOGRÁFICA DE LA BIBLIOTECA DEL CONGRESO
Número de clasificación NK7114
Número de documento/Ítem .A53 1 1956
100 1# - ENTRADA PRINCIPAL--NOMBRE DE PERSONA
Nombre de persona Anderson, Lawrence
9 (RLIN) 13251
245 10 - MENCIÓN DE TÍTULO
Título El arte de la platería en México
Mención de responsabilidad, etc. Lawrence Anderson.
260 ## - PUBLICACIÓN, DISTRIBUCIÓN, ETC.
Lugar de publicación, distribución, etc. México
Nombre del editor, distribuidor, etc. Porrúa
Fecha de publicación, distribución, etc. 1956
300 ## - DESCRIPCIÓN FÍSICA
Extensión xxiii, 373 p.
Otras características físicas il., 125 láminas
Dimensiones 19 cm.
500 ## - NOTA GENERAL
Nota general Incluye índice alfabético e índice de ilustraciones
500 ## - NOTA GENERAL
Nota general Ver también DD73 (2 v.)
500 ## - NOTA GENERAL
Nota general DD72
504 ## - NOTA DE BIBLIOGRAFÍA, ETC.
Nota de bibliografía, etc. Bibliografía: p. ix-xix
650 14 - PUNTO DE ACCESO ADICIONAL DE MATERIA--TÉRMINO DE MATERIA
Término de materia o nombre geográfico como elemento de entrada Platería
Subdivisión geográfica México
9 (RLIN) 3073
650 14 - PUNTO DE ACCESO ADICIONAL DE MATERIA--TÉRMINO DE MATERIA
Término de materia o nombre geográfico como elemento de entrada Marcas del contraste
Subdivisión general Platería
9 (RLIN) 13252
902 ## - CATALOGADOR
Iniciales GFM
942 ## - ELEMENTOS DE PUNTO DE ACCESO ADICIONAL (KOHA)
Fuente del sistema de clasificación o colocación Library of Congress Classification
Tipo de ítem Koha Libros
Holdings
Estado de retiro Estado de pérdida Estado dañado No para préstamo Localización permanente Ubicación/localización actual Fecha de adquisición Número de inventario Total de préstamos Signatura topográfica completa Código de barras Fecha visto por última vez Precio válido a partir de Tipo de ítem Koha
El ejemplar forma parte de la colección y puede ser consultado según las políticas vigentes.       Biblioteca del Museo Franz Mayer (Rogerio Casas-Alatriste) Biblioteca del Museo Franz Mayer (Rogerio Casas-Alatriste) 24/11/2010 DD72   NK7114 .A53 1 1956 (DD72) 5599 22/03/2019 22/03/2019 Libros